[Event "C-Turnier"]
[Site "Hessische Einzelmeisterschaft"]
[Date "2010.03.31"]
[Round "1"]
[White "Will, Patrick"]
[Black "Genis, Roy"]
[Result "1-0"]
[WhiteElo "1886"]
[BlackElo "1947"]
[PlyCount "119"]
[EventDate "2010.??.??"]

1. d4 d5 2. c4 c6 3. Nf3 Nf6 4. e3 e6 5. b3 Nbd7 6. Bd3 c5 7. O-O b6 8. Bb2 Bb7
9. Nbd2 Bd6 10. Qc2 Rc8 11. Rad1 cxd4 12. exd4 dxc4 13. bxc4 O-O 14. Ne5 h6 15.
Qb1 Qe7 16. f4 Ba3 17. Nxd7 Nxd7 18. Ba1 Nf6 19. Rde1 Bb4 20. Re2 Bxd2 21. Rxd2
Ba6 22. Qb3 Qc7 23. Rc2 Bb7 24. f5 Ng4 25. g3 Ne3 26. f6 Nxf1 27. fxg7 Rfd8 28.
Bxf1 Qe7 29. Rf2 Qg5 30. Qb1 Qxg7 31. d5 e5 32. Qf5 Re8 33. Rf4 Kf8 34. Rg4 Qh8
35. Bb2 Rc5 36. Re4 Bc8 37. Qh5 f6 38. Ba3 Re7 39. Rh4 Rh7 40. Bd3 Rg7 41. Bc2
Rg5 42. Qxh6+ Qxh6 43. Rxh6 Kg7 44. Rh7+ Kg8 45. Bxc5 bxc5 46. Rc7 Bf5 47. Bxf5
Rxf5 48. Rxc5 e4 49. Rc6 Rf3 50. Re6 f5 51. d6 Rd3 52. c5 Kf7 53. Re7+ Kf6 54.
Rxa7 Rd5 55. d7 Ke7 56. c6 Rc5 57. Ra8 Rc1+ 58. Kg2 Rd1 59. c7 Rxd7 60. c8=Q
1-0

[Event "C-Turnier"]
[Site "Hessische Einzelmeisterschaft"]
[Date "2010.03.31"]
[Round "1"]
[White "Kaulfuss, Christa"]
[Black "Faqiry, Ramat"]
[Result "0-1"]
[WhiteElo "1933"]
[BlackElo "1977"]
[PlyCount "74"]
[EventDate "2010.??.??"]

1. e4 c5 2. Nc3 e6 3. g3 d5 4. Bg2 d4 5. Nce2 e5 6. d3 Be7 7. Nf3 Nc6 8. O-O
Nf6 9. h3 h6 10. Bd2 Be6 11. Kh2 Qd7 12. a3 O-O 13. Nfg1 Nh7 14. f4 f6 15. f5
Bf7 16. g4 b5 17. Ng3 c4 18. Nf3 Rfc8 19. Qe2 cxd3 20. cxd3 a5 21. Rfc1 b4 22.
h4 bxa3 23. bxa3 a4 24. Qe1 Rab8 25. Rcb1 Rxb1 26. Qxb1 Rb8 27. Qc2 Rb3 28. Bc1
Na5 29. Ne2 Rb8 30. Rb1 Nb3 31. Nd2 Rc8 32. Qb2 Qb5 33. Nxb3 Bxb3 34. Nxd4 exd4
35. Qxd4 Rd8 36. Qa7 Bd6+ 37. Kh1 Qe5 0-1

[Event "C-Turnier"]
[Site "Hessische Einzelmeisterschaft"]
[Date "2010.03.31"]
[Round "1"]
[White "Eibelshäuser, Stefan"]
[Black "Launert, Martin"]
[Result "0-1"]
[WhiteElo "2057"]
[BlackElo "1892"]
[PlyCount "62"]
[EventDate "2010.??.??"]

1. d4 Nf6 2. c4 g6 3. Nc3 d5 4. cxd5 Nxd5 5. e4 Nxc3 6. bxc3 Bg7 7. Nf3 O-O 8.
Rb1 c5 9. Be2 cxd4 10. cxd4 Qa5+ 11. Bd2 Qxa2 12. Qc1 Qe6 13. Ng5 Qc6 14. e5
Qxc1+ 15. Rxc1 Nc6 16. Be3 h6 17. Nf3 e6 18. Bb5 Bd7 19. Nd2 Nxe5 20. Bxd7 Nxd7
21. Rc7 Rfc8 22. Rxd7 Rc1+ 23. Ke2 Rxh1 24. Nf1 b5 25. Rb7 a6 26. f3 Rd8 27. g4
g5 28. Kf2 Bxd4 29. Bxd4 Rxd4 30. Rb6 Ra4 31. Ng3 Rxh2+ 0-1

[Event "C-Turnier"]
[Site "Hessische Einzelmeisterschaft"]
[Date "2010.03.31"]
[Round "1"]
[White "Rausch, Wolfgang"]
[Black "Lahr, Marcus"]
[Result "0-1"]
[WhiteElo "1804"]
[BlackElo "2006"]
[PlyCount "44"]
[EventDate "2010.??.??"]

1. c4 f5 2. d4 Nf6 3. Nc3 e6 4. Bg5 Be7 5. e3 O-O 6. Bd3 d6 7. f4 Nc6 8. Nf3 h6
9. Bh4 g5 10. fxg5 Ng4 11. Qe2 hxg5 12. Bf2 e5 13. Bc2 Qe8 14. O-O Qh5 15. h3
Nxf2 16. Rxf2 g4 17. Ne1 exd4 18. exd4 Bf6 19. hxg4 fxg4 20. Rxf6 Rxf6 21. Rd1
Bd7 22. Nd5 Rh6 0-1

[Event "C-Turnier"]
[Site "Hessische Einzelmeisterschaft"]
[Date "2010.03.31"]
[Round "1"]
[White "Wiegand, Helmut"]
[Black "Baskin, Robert"]
[Result "1-0"]
[WhiteElo "1891"]
[BlackElo "1828"]
[PlyCount "51"]
[EventDate "2010.??.??"]

1. c4 e5 2. Nc3 Nf6 3. g3 d5 4. cxd5 Nxd5 5. Bg2 Nb6 6. b3 Be7 7. Bb2 O-O 8.
Nf3 Nc6 9. O-O Be6 10. Rc1 f5 11. d3 Bf6 12. e3 Qd7 13. Qe2 Rad8 14. Rfd1 Nb4
15. Ne1 N4d5 16. Nxd5 Bxd5 17. e4 Bc6 18. exf5 Bxg2 19. Nxg2 c6 20. Ne3 Nd5 21.
Nxd5 cxd5 22. g4 Qe7 23. f4 exf4 24. Qxe7 Bxe7 25. Rc7 Bd6 26. Rxg7+ 1-0

[Event "C-Turnier"]
[Site "Hessische Einzelmeisterschaft"]
[Date "2010.03.31"]
[Round "1"]
[White "Engelbert, Thomas"]
[Black "Kobs, Stephan"]
[Result "1/2-1/2"]
[WhiteElo "1762"]
[BlackElo "2020"]
[PlyCount "76"]
[EventDate "2010.??.??"]

1. c4 g6 2. g3 Bg7 3. Bg2 d6 4. Nc3 e5 5. d3 Nc6 6. f4 exf4 7. Bxf4 g5 8. Bd2
h6 9. Nh3 Be6 10. Rb1 Qd7 11. Nf2 Nge7 12. Qb3 Rb8 13. e3 O-O 14. Nd5 Ne5 15.
Nxe7+ Qxe7 16. O-O b5 17. Qa3 bxc4 18. d4 Ng4 19. Qxa7 Nxf2 20. Rxf2 d5 21. a3
Ra8 22. Qb7 Rfb8 23. Qc6 Qd8 24. Bb4 Rb6 25. Qc5 Bf8 26. Qxf8+ Qxf8 27. Bxf8
Kxf8 28. Rc1 Rab8 29. Rcc2 Rb3 30. e4 c6 31. Kf1 Rd3 32. Rfd2 Rxd2 33. Rxd2 Rb3
34. Ke2 c3 35. bxc3 Rxc3 36. Rd3 Rc2+ 37. Rd2 Rc3 38. Rd3 Rc2+ 1/2-1/2

[Event "C-Turnier"]
[Site "Hessische Einzelmeisterschaft"]
[Date "2010.03.31"]
[Round "1"]
[White "Mussler, Thomas"]
[Black "Larem, Peter"]
[Result "1-0"]
[WhiteElo "2118"]
[BlackElo "1921"]
[PlyCount "135"]
[EventDate "2010.??.??"]

1. e4 e5 2. Nf3 Nf6 3. d4 Nxe4 4. dxe5 d5 5. Nbd2 Bg4 6. Nxe4 dxe4 7. Qxd8+
Kxd8 8. Ng5 Bh5 9. Bc4 Ke8 10. O-O Nd7 11. e6 Ne5 12. exf7+ Bxf7 13. Bxf7+ Nxf7
14. Nxe4 Nd6 15. Ng5 Kd7 16. Rd1 Be7 17. Ne4 Kc6 18. Nxd6 Bxd6 19. Be3 Rhe8 20.
h3 h6 21. c3 Re6 22. Re1 Rae8 23. Bd2 Rxe1+ 24. Rxe1 Rxe1+ 25. Bxe1 Bf4 26. Kf1
Bc1 27. b3 Kd5 28. Ke2 Ke4 29. f3+ Kf5 30. g3 Bg5 31. Kd3 Be7 32. Bf2 b6 33.
Bd4 g5 34. Be3 Bd6 35. g4+ Ke5 36. Kc4 c6 37. a4 Ke6 38. b4 Ke5 39. Bg1 Ke6 40.
Kd3 Kd5 41. c4+ Ke6 42. c5 bxc5 43. bxc5 Bc7 44. Ke4 Bd8 45. Be3 Bc7 46. Bd4
Kf7 47. Kf5 Bd8 48. f4 gxf4 49. Kxf4 Ke6 50. Ke4 Bg5 51. Bf2 Bc1 52. h4 Bb2 53.
Be3 Bg7 54. Bd4 Bf8 55. Be3 a6 56. h5 Kf6 57. Kd4 Bg7 58. Kc4 Ke6 59. g5 hxg5
60. Bxg5 Kf5 61. h6 Bh8 62. Bd8 Kg6 63. Bb6 Kxh6 64. Kb4 Kg6 65. Ka5 Kf7 66.
Kxa6 Ke6 67. Kb7 Bc3 68. Kxc6 1-0

[Event "C-Turnier"]
[Site "Hessische Einzelmeisterschaft"]
[Date "2010.03.31"]
[Round "1"]
[White "Berrou, Mohammed"]
[Black "Tonn, Peter"]
[Result "1/2-1/2"]
[WhiteElo "2016"]
[BlackElo "2000"]
[PlyCount "63"]
[EventDate "2010.??.??"]

1. e4 d6 2. d4 Nf6 3. Nc3 g6 4. Bd3 Bg7 5. Bg5 Nc6 6. Nge2 a6 7. Qd2 h6 8. Be3
Bd7 9. O-O Ng4 10. Rad1 Nxe3 11. Qxe3 e6 12. f4 Qe7 13. a3 f5 14. d5 Na7 15. e5
dxe5 16. fxe5 O-O 17. Nf4 Kh7 18. Rfe1 Nb5 19. Nxb5 axb5 20. Nxe6 Bxe6 21. dxe6
c6 22. c4 Qxe6 23. cxb5 cxb5 24. Bxb5 Rfd8 25. Kh1 Rxd1 26. Rxd1 Qxe5 27. Qxe5
Bxe5 28. Rd7+ Kh8 29. Rxb7 Bxb2 30. a4 Bd4 31. g3 Ra7 32. Rxa7 1/2-1/2

[Event "C-Turnier"]
[Site "Hessische Einzelmeisterschaft"]
[Date "2010.03.31"]
[Round "1"]
[White "Rump, Andreas"]
[Black "Fröhlich-Dill, Astrid"]
[Result "1-0"]
[WhiteElo "1866"]
[BlackElo "1910"]
[PlyCount "99"]
[EventDate "2010.??.??"]

1. e4 c5 2. Nf3 Nc6 3. d4 cxd4 4. Nxd4 e6 5. Nc3 a6 6. Be3 Bb4 7. Nxc6 bxc6 8.
Qd4 c5 9. Qxg7 Qf6 10. Qxf6 Nxf6 11. Bd2 Rg8 12. f3 Bb7 13. a3 Ba5 14. Na4
Bxd2+ 15. Kxd2 Rc8 16. Ke3 Bc6 17. Nc3 d5 18. exd5 exd5 19. Re1 d4+ 20. Kf2+
Kd7 21. Ne4 Bxe4 22. fxe4 Ng4+ 23. Kf3 Rc6 24. e5 f6 25. e6+ Ke7 26. Bd3 Ne5+
27. Kf2 Nxd3+ 28. cxd3 Rb8 29. Re2 Rb3 30. Rd1 Rxe6 31. Rdd2 Re5 32. Ke1 Kd6
33. Kd1 Rxe2 34. Kxe2 Kd5 35. Kd1 c4 36. Kc2 Rxb2+ 37. Kxb2 c3+ 38. Kc2 cxd2
39. Kxd2 a5 40. g3 f5 41. Kc2 a4 42. Kd1 Ke5 43. Ke2 h5 44. Kf3 Ke6 45. Kf4 Kf6
46. h3 Ke6 47. Kg5 Ke5 48. Kxh5 f4 49. Kg4 fxg3 50. Kxg3 1-0

[Event "C-Turnier"]
[Site "Hessische Einzelmeisterschaft"]
[Date "2010.03.31"]
[Round "1"]
[White "Haftmann, Rainer"]
[Black "Rack, Matthias"]
[Result "0-1"]
[WhiteElo "1881"]
[BlackElo "2056"]
[PlyCount "50"]
[EventDate "2010.??.??"]

1. e4 e5 2. Nf3 Nf6 3. Nxe5 d6 4. Nf3 Nxe4 5. d4 d5 6. Bd3 Bd6 7. O-O O-O 8. c4
c6 9. Nc3 f5 10. Ne5 Na6 11. cxd5 cxd5 12. Qb3 Nxc3 13. bxc3 Bxe5 14. Bxa6
Bxh2+ 15. Kxh2 bxa6 16. f4 Re8 17. Qd1 Rb8 18. Qf3 a5 19. Ba3 Ba6 20. Rfb1 Re4
21. Rxb8 Qxb8 22. g3 Qe8 23. Rg1 Be2 24. Qg2 Bg4 25. Kh1 Qh5+ 0-1

[Event "C-Turnier"]
[Site "Hessische Einzelmeisterschaft"]
[Date "2010.03.31"]
[Round "1"]
[White "Geringer, Waldemar"]
[Black "Förster, Rudi"]
[Result "1/2-1/2"]
[WhiteElo "1949"]
[BlackElo "1939"]
[PlyCount "56"]
[EventDate "2010.??.??"]

1. d4 d5 2. Nf3 Nc6 3. c4 Bg4 4. e3 e6 5. Be2 dxc4 6. Bxc4 Bd6 7. Nc3 Bxf3 8.
Qxf3 Qh4 9. Bb5 Nge7 10. Bd2 O-O 11. Ne4 Nb4 12. Ke2 Nec6 13. Nxd6 cxd6 14. g3
Qg5 15. Ba4 Qa5 16. Bb3 Qb5+ 17. Kd1 Rac8 18. Qe2 Qf5 19. e4 Qf6 20. e5 dxe5
21. dxe5 Nxe5 22. Bxb4 Rfd8+ 23. Ke1 Nd3+ 24. Kf1 Nxb4 25. Kg2 Nc6 26. Rhd1 Nd4
27. Qe3 Nxb3 28. Qxb3 b6 1/2-1/2

[Event "C-Turnier"]
[Site "Hessische Einzelmeisterschaft"]
[Date "2010.03.31"]
[Round "1"]
[White "Kazic, Bruno"]
[Black "Gutacker, Stephan"]
[Result "1-0"]
[WhiteElo "1749"]
[BlackElo "1936"]
[PlyCount "83"]
[EventDate "2010.??.??"]

1. e4 e5 2. Nf3 Nc6 3. Bb5 a6 4. Bxc6 dxc6 5. O-O f6 6. d3 Bg4 7. Be3 Qd7 8.
Re1 O-O-O 9. h3 Bh5 10. Nxe5 Qe8 11. Nf3 Bd6 12. Nbd2 Bf7 13. Qe2 h5 14. Nc4
Bxc4 15. dxc4 Qxe4 16. c5 Be5 17. Nxe5 Qxe5 18. Rad1 Ne7 19. Bf4 Qxe2 20. Rxd8+
Rxd8 21. Rxe2 Ng6 22. Be3 Rd1+ 23. Kh2 Ne5 24. b3 Nd7 25. Bh6 Nxc5 26. Bxg7 Rd6
27. Re3 Kd7 28. Bf8 Rd5 29. c4 Rf5 30. g4 hxg4 31. hxg4 Rxf2+ 32. Kg3 Rxa2 33.
Bxc5 Ra1 34. Rf3 Rb1 35. Bd4 b5 36. Bxf6 bxc4 37. bxc4 Rc1 38. g5 Rxc4 39. g6
Rb4 40. g7 Rb8 41. Bd4 Rg8 42. Rf8 1-0

[Event "C-Turnier"]
[Site "Hessische Einzelmeisterschaft"]
[Date "2010.03.31"]
[Round "1"]
[White "Machlin, Maxim"]
[Black "Herms, Thorsten"]
[Result "1-0"]
[WhiteElo "1933"]
[BlackElo "1746"]
[PlyCount "103"]
[EventDate "2010.??.??"]

1. e4 c5 2. c3 d5 3. exd5 Qxd5 4. d4 Nf6 5. Nf3 cxd4 6. cxd4 Bg4 7. Be2 Nc6 8.
Nc3 Qa5 9. O-O e6 10. a3 Be7 11. Bf4 Nh5 12. Be3 O-O 13. h3 Bxf3 14. Bxf3 Nf6
15. b4 Qc7 16. Rc1 a6 17. d5 Rad8 18. Qb3 exd5 19. Bxd5 Qe5 20. Bxc6 Bd6 21. g3
bxc6 22. Ne2 Qh5 23. Nf4 Bxf4 24. Bxf4 Qxh3 25. Qf3 Ng4 26. Qg2 Qxg2+ 27. Kxg2
Rd3 28. Rxc6 Rxa3 29. Bd6 Rd8 30. Kh3 f5 31. b5 Ra2 32. b6 Nxf2+ 33. Rxf2 Rxf2
34. b7 Rb2 35. Rc8 Rxb7 36. Rxd8+ Kf7 37. Ra8 Rb6 38. Bc5 Rh6+ 39. Kg2 Rg6 40.
Kf3 h6 41. Kf4 Rc6 42. Rf8+ Ke6 43. Rxf5 a5 44. Bd4 Rc4 45. Re5+ Kd6 46. Ke3
Ra4 47. Rh5 Ra3+ 48. Kf2 Ra2+ 49. Kf3 Ra3+ 50. Kg2 g5 51. Bg7 g4 52. Bf8+ 1-0

[Event "C-Turnier"]
[Site "Hessische Einzelmeisterschaft"]
[Date "2010.03.31"]
[Round "1"]
[White "Enders, Georg"]
[Black "Winter, Lars"]
[Result "1-0"]
[WhiteElo "2011"]
[BlackElo "1974"]
[PlyCount "74"]
[EventDate "2010.??.??"]

1. e4 d6 2. d4 Nf6 3. Nc3 g6 4. Nf3 Bg7 5. Bg5 Bg4 6. h3 Bxf3 7. Qxf3 O-O 8. e5
Nfd7 9. Qxb7 Nb6 10. Nd5 Nxd5 11. Qxa8 dxe5 12. dxe5 Qd7 13. Bc4 Nc6 14. Qb7
Rb8 15. Qa6 Ndb4 16. Qa4 Qf5 17. O-O Nxe5 18. Bxe7 Nxc4 19. Bxb4 Nxb2 20. Qa5
Rb5 21. Qa3 Nc4 22. Qa4 a5 23. Be7 Nb6 24. Qh4 g5 25. Qg3 Be5 26. Qa3 Bxa1 27.
Rxa1 Qe5 28. Rd1 Nc4 29. Rd8+ Kg7 30. Bf8+ Kg6 31. Qd3+ f5 32. g4 Qe1+ 33. Kg2
Qe4+ 34. Qxe4 fxe4 35. Rd7 Rb2 36. Rxc7 Rxc2 37. Kg1 Ne3 $138 1-0

[Event "C-Turnier"]
[Site "Hessische Einzelmeisterschaft"]
[Date "2010.03.31"]
[Round "1"]
[White "Rätsch, Kurt"]
[Black "Ritscher, Georg"]
[Result "0-1"]
[WhiteElo "2069"]
[BlackElo "1962"]
[PlyCount "114"]
[EventDate "2010.??.??"]

1. b3 e5 2. Bb2 Nc6 3. e4 Nf6 4. d3 Bc5 5. Be2 d6 6. Nf3 O-O 7. O-O Ne7 8. a4
Ng6 9. c3 a6 10. Bc1 Bd7 11. Na3 Re8 12. b4 Ba7 13. c4 c6 14. Bd2 d5 15. exd5
cxd5 16. Bg5 Be6 17. c5 h6 18. Bd2 Rc8 19. Re1 b6 20. d4 exd4 21. Bxa6 Rc7 22.
Nb5 Rce7 23. Nfxd4 bxc5 24. Nc6 Qb6 25. Nbxa7 Rxa7 26. Nxa7 Qxa6 27. Nb5 cxb4
28. Nc7 Qb6 29. Nxe8 Nxe8 30. a5 Qa6 31. Bxb4 Nf4 32. Re3 Nf6 33. Bc3 Ne4 34.
Be5 Ng6 35. Bc7 f5 36. Rb1 Bf7 37. Rb8+ Kh7 38. g3 Qa7 39. Qc1 d4 40. Rxe4 fxe4
41. Rb4 e3 42. fxe3 dxe3 43. Bb6 Qe7 44. Bc5 Qf6 45. Bxe3 Bd5 46. Qf1 Qc3 47.
Rb1 Qxe3+ 48. Qf2 Qe4 49. Qb2 Qh1+ 50. Kf2 Qxh2+ 51. Ke3 Qxg3+ 52. Kd4 Qd6 53.
Qb8 Qxb8 54. Rxb8 Bg2 55. a6 Ne7 56. a7 Nc6+ 57. Kc5 Nxa7 0-1

[Event "C-Turnier"]
[Site "Hessische Einzelmeisterschaft"]
[Date "2010.03.31"]
[Round "1"]
[White "Sterzik, Peter"]
[Black "Zilch, Lothar"]
[Result "1-0"]
[WhiteElo "1742"]
[BlackElo "2021"]
[PlyCount "83"]
[EventDate "2010.??.??"]

1. e4 c5 2. Nf3 a6 3. d4 cxd4 4. Nxd4 Nf6 5. Nc3 e5 6. Nb3 Bb4 7. Bd3 d5 8.
exd5 e4 9. Be2 Nxd5 10. O-O Nxc3 11. Qxd8+ Kxd8 12. bxc3 Bxc3 13. Bg5+ f6 14.
Rad1+ Ke7 15. Be3 Nd7 16. Nc5 Nxc5 17. Bxc5+ Kf7 18. Bc4+ Kg6 19. Bd5 Bg4 20.
Bxe4+ f5 21. Rd6+ Bf6 22. Bxb7 Be2 23. Bxa8 Bxf1 24. Bb7 Bc4 25. Bxa6 Bxa2 26.
Bd3 h5 27. h3 Rc8 28. Bd4 Bc4 29. Bxc4 Rxc4 30. c3 Kf7 31. Bxf6 gxf6 32. Rd3 f4
33. Kf1 Re4 34. Rd4 f5 35. Rxe4 fxe4 36. g3 Kf6 37. c4 Ke5 38. g4 hxg4 39. hxg4
Kd4 40. g5 Kd3 41. Ke1 Kxc4 42. g6 1-0

[Event "C-Turnier"]
[Site "Hessische Einzelmeisterschaft"]
[Date "2010.03.31"]
[Round "1"]
[White "Adair, Robin"]
[Black "Wachtel, Johann"]
[Result "1-0"]
[WhiteElo "2038"]
[BlackElo "1738"]
[PlyCount "161"]
[EventDate "2010.??.??"]

1. c4 e5 2. Nc3 Nc6 3. g3 f5 4. Bg2 Nf6 5. d3 Be7 6. Nd5 d6 7. b4 O-O 8. b5 Nd4
9. e3 Ne6 10. Ne2 a6 11. bxa6 Rxa6 12. O-O c6 13. Nb4 Ra8 14. Rb1 Nc7 15. d4 e4
16. a4 d5 17. c5 Ne6 18. Bd2 Qe8 19. a5 Qg6 20. a6 Ng5 21. Nf4 Qh6 22. axb7
Bxb7 23. Nbxd5 Nxd5 24. Nxd5 cxd5 25. Rxb7 Rfe8 26. h4 Nf7 27. Rb6 g6 28. Qb3
Red8 29. f3 Qg7 30. fxe4 dxe4 31. Rb7 Kf8 32. c6 Rac8 33. Qe6 Nd6 34. Ba5 Re8
35. Bxe4 Nxe4 36. Qxe4 Qf6 37. Qf4 Qxc6 38. Rb6 Qd5 39. Qh6+ Kg8 40. Rxg6+ hxg6
41. Qxg6+ Kh8 42. Rxf5 Rc1+ 43. Be1 Rxe1+ 44. Kf2 Rf8 45. Qh6+ Kg8 46. Qxf8+
Bxf8 47. Rxd5 Rd1 48. Rd7 Bg7 49. Kf3 Kh7 50. d5 Kg6 51. g4 Be5 52. Ke4 Bg3 53.
h5+ Kh6 54. Kf5 Rf1+ 55. Ke4 Rd1 56. Re7 Re1 57. d6 Bh4 58. Re6+ Kh7 59. Re5
Rd1 60. Rd5 Rg1 61. Rf5 Rg2 62. Rd5 Rg1 63. Kf5 Re1 64. Rd3 Rg1 65. Rd4 Rg3 66.
Re4 Rg1 67. d7 Bd8 68. Ke6 Re1 69. Kf7 Rd1 70. Ke8 Bg5 71. Re7+ Bxe7 72. Kxe7
Re1 73. d8=Q Rxe3+ 74. Kf6 Rf3+ 75. Kg5 Rf7 76. Qd3+ Kh8 77. h6 Kg8 78. Kg6 Rf8
79. Kh5 Rf7 80. g5 Kf8 81. Qd8# 1-0

[Event "C-Turnier"]
[Site "Hessische Einzelmeisterschaft"]
[Date "2010.03.31"]
[Round "1"]
[White "Mersinger, Ralf"]
[Black "Günther, Andreas"]
[Result "0-1"]
[WhiteElo "1728"]
[BlackElo "1802"]
[PlyCount "72"]
[EventDate "2010.??.??"]

1. d4 Nf6 2. Nf3 g6 3. Bg5 Bg7 4. e3 d6 5. h3 O-O 6. Bd3 h6 7. Bh4 Nbd7 8. c3
c6 9. Qc2 Qc7 10. Nbd2 e5 11. dxe5 dxe5 12. Bg3 Re8 13. Bc4 Nc5 14. Nh4 Be6 15.
O-O Rad8 16. Nhf3 Bf5 17. Qc1 Nd3 18. Bxd3 Bxd3 19. Re1 Ne4 20. Nxe4 Bxe4 21.
Nd2 Bd3 22. e4 Qb6 23. Nf3 Qb5 24. b3 Qc5 25. c4 f5 26. Nh4 Kh7 27. exf5 gxf5
28. Qe3 Qxe3 29. fxe3 Bf6 30. Rac1 Rg8 31. Kh2 Be4 32. Re2 Rd7 33. Nf3 Rdg7 34.
Bxe5 Bxe5+ 35. Nxe5 Rxg2+ 36. Rxg2 Rxg2+ 0-1

[Event "C-Turnier"]
[Site "Hessische Einzelmeisterschaft"]
[Date "2010.03.31"]
[Round "1"]
[White "Risius, Philipp"]
[Black "Koculak, Eduard"]
[Result "1-0"]
[WhiteElo "1777"]
[BlackElo "1727"]
[PlyCount "149"]
[EventDate "2010.??.??"]

1. d4 d5 2. Bf4 e6 3. Nf3 Nf6 4. e3 c5 5. c3 Nc6 6. Nbd2 Be7 7. h3 cxd4 8. exd4
O-O 9. Bd3 a6 10. O-O Bd7 11. Re1 Rc8 12. Nh2 b5 13. Ndf3 Na5 14. Ne5 Nc4 15.
Qe2 Nd6 16. Nhg4 Nde8 17. Qf3 Nxg4 18. Qxg4 Nf6 19. Qf3 a5 20. Rac1 b4 21. Ba6
Ra8 22. Bb7 Ra7 23. Bc6 Ra6 24. Nxd7 Nxd7 25. cxb4 Bxb4 26. Bb5 Ra7 27. Re2 Nf6
28. Bg5 Be7 29. Rec2 Ra8 30. Rc7 Rb8 31. a4 h6 32. Bf4 Bd6 33. Bxd6 Qxd6 34.
R1c6 Qb4 35. Qc3 Ne4 36. Qxb4 axb4 37. f3 Ng3 38. Bd3 Ra8 39. b3 Nh5 40. Kf2
Nf4 41. Bf1 Ng6 42. Rb6 Rab8 43. Rcb7 Rxb7 44. Rxb7 e5 45. Rxb4 exd4 46. Rxd4
Ne7 47. a5 Ra8 48. Ra4 Nc6 49. b4 Nxb4 50. Rxb4 Rxa5 51. Rb5 Ra2+ 52. Ke3 d4+
53. Kxd4 Rf2 54. Rb1 g6 55. Ke3 Ra2 56. Be2 Ra7 57. g4 Kg7 58. Kf4 g5+ 59. Kg3
Re7 60. Bd3 Rd7 61. Be4 Rc7 62. Rb7 Rc5 63. Rd7 Rc8 64. Bd5 Rf8 65. Ra7 Kg6 66.
Ra6+ Kg7 67. Ra8 Rxa8 68. Bxa8 Kf6 69. h4 Ke5 70. h5 f6 71. Be4 Kd4 72. Kf2 Ke5
73. Ke3 Kd6 74. Kd4 Ke6 75. Bd5+ 1-0

[Event "C-Turnier"]
[Site "Hessische Einzelmeisterschaft"]
[Date "2010.03.31"]
[Round "1"]
[White "Minor, Dieter"]
[Black "Zimmer, Gerald"]
[Result "0-1"]
[WhiteElo "1888"]
[BlackElo "1796"]
[PlyCount "60"]
[EventDate "2010.??.??"]

1. d4 e6 2. Nf3 c5 3. Bf4 Qb6 4. b3 Nf6 5. e3 Nc6 6. Be2 Nd5 7. dxc5 Bxc5 8.
O-O Nxf4 9. exf4 O-O 10. Nbd2 d5 11. c4 Qc7 12. g3 Rd8 13. cxd5 exd5 14. Qc1
Qb6 15. Kg2 Re8 16. Bd1 Bf5 17. Bc2 Bxc2 18. Qxc2 Re2 19. Qd3 Rxf2+ 20. Rxf2
Bxf2 21. Ng5 g6 22. Qxd5 Rf8 23. Ndf3 h6 24. Ne4 Rd8 25. Qc4 Bd4 26. Nxd4 Rxd4
27. Qe2 Qb4 28. Re1 Kg7 29. Qb2 Qxe1 30. f5 Qxe4+ 0-1

[Event "C-Turnier"]
[Site "Hessische Einzelmeisterschaft"]
[Date "2010.03.31"]
[Round "1"]
[White "Fußnecker, Manfred"]
[Black "Juhnke, Peter"]
[Result "1-0"]
[WhiteElo "1963"]
[BlackElo "1931"]
[PlyCount "69"]
[EventDate "2010.??.??"]

1. e4 d5 2. exd5 Nf6 3. Nf3 Nxd5 4. Bc4 e6 5. d4 Be7 6. O-O b6 7. Ne5 c6 8. Nd2
Bb7 9. Ne4 Nd7 10. Qg4 Nxe5 11. dxe5 Kf8 12. Bg5 Bxg5 13. Nxg5 Qc7 14. Rae1 b5
15. Bxd5 cxd5 16. Qxe6 fxe6 17. Nxe6+ Ke7 18. Nxc7 Rac8 19. Nxb5 Rxc2 20. Nd4
Rxb2 21. Rb1 Rxb1 22. Rxb1 Ba6 23. f4 Rc8 24. Kf2 g6 25. Rb3 Rc7 26. g4 Bc4 27.
Rh3 Ke8 28. f5 gxf5 29. gxf5 Bxa2 30. f6 Rc4 31. Rh4 Bb1 32. e6 a5 33. Nb5 Rc6
34. Rf4 Bd3 35. f7+ 1-0

[Event "C-Turnier"]
[Site "Hessische Einzelmeisterschaft"]
[Date "2010.03.31"]
[Round "1"]
[White "Storkebaum, Ulrike"]
[Black "Egenolf, Dirk"]
[Result "0-1"]
[WhiteElo "1867"]
[BlackElo "1911"]
[PlyCount "90"]
[EventDate "2010.??.??"]

1. e4 c5 2. Nf3 d6 3. d4 cxd4 4. Nxd4 Nf6 5. Nc3 a6 6. Be3 e6 7. Be2 Be7 8. Qd2
O-O 9. O-O-O b5 10. f3 Qc7 11. g4 Bb7 12. g5 Nfd7 13. Rhg1 Nb6 14. Bd3 Nc4 15.
Bxc4 Qxc4 16. Qd3 Qxd3 17. Rxd3 Nd7 18. h4 Nc5 19. Rd2 b4 20. Nce2 Rfd8 21. c3
Rac8 22. Kb1 a5 23. h5 g6 24. hxg6 hxg6 25. Rh1 Kg7 26. Ng3 Rh8 27. Rdh2 Rxh2
28. Rxh2 bxc3 29. bxc3 Na4 30. Nde2 e5 31. Kc2 d5 32. exd5 Bxd5 33. f4 Bc5 34.
Bxc5 Rxc5 35. fxe5 Bxa2 36. Rh4 Rb5 37. Kd2 Nb2 38. Nc1 Be6 39. Ne4 Rxe5 40.
Kc2 Nc4 41. Nd3 Rb5 42. Rf4 Bf5 43. Ndf2 a4 44. Kc1 a3 45. Nf6 Rb1# 0-1

[Event "C-Turnier"]
[Site "Hessische Einzelmeisterschaft"]
[Date "2010.03.31"]
[Round "1"]
[White "Warnk, Torsten"]
[Black "Arnold, Michael"]
[Result "1/2-1/2"]
[WhiteElo "1977"]
[BlackElo "1846"]
[PlyCount "63"]
[EventDate "2010.??.??"]

1. d4 d5 2. Nf3 Nf6 3. Bf4 Bf5 4. e3 e6 5. Be2 Bd6 6. Bg5 Nbd7 7. O-O O-O 8.
Nbd2 e5 9. dxe5 Nxe5 10. c4 Nxc4 11. Nxc4 dxc4 12. Bxc4 Qe7 13. Qb3 Be4 14. Be2
h6 15. Bh4 Rad8 16. Nd4 g5 17. Bg3 Bxg3 18. hxg3 Rd7 19. Bf3 c6 20. Rad1 Rfd8
21. Ne2 Bd5 22. Bxd5 Rxd5 23. Nc3 Rxd1 24. Rxd1 Rxd1+ 25. Qxd1 Qb4 26. Qc2 Kg7
27. a3 Qc4 28. b3 Qc5 29. Qb2 Qd6 30. Ne2 Kg8 31. Nd4 c5 32. Nf5 1/2-1/2

[Event "C-Turnier"]
[Site "Hessische Einzelmeisterschaft"]
[Date "2010.03.31"]
[Round "1"]
[White "Wilhelm, Holger"]
[Black "Francke, Helmut"]
[Result "1/2-1/2"]
[WhiteElo "1857"]
[BlackElo "1987"]
[PlyCount "42"]
[EventDate "2010.??.??"]

1. d4 Nf6 2. c4 g6 3. Nc3 Bg7 4. e4 d6 5. Be3 O-O 6. Be2 e5 7. dxe5 dxe5 8.
Qxd8 Rxd8 9. Nf3 c6 10. h3 Na6 11. a3 Nh5 12. O-O h6 13. Rad1 Be6 14. Rxd8+
Rxd8 15. Rd1 Rxd1+ 16. Nxd1 Nf4 17. Bf1 b6 18. Nc3 f6 19. Ne1 Bf8 20. b4 Nc7
21. Nc2 Kf7 1/2-1/2